Biggest Cities In France Throughout History - Statistics

General Stats
  • This quiz has been taken 74 times
  • The average score is 47 of 60
Answer Stats
Hint Answer % Correct
546,000 Paris
98%
1,053,288 Paris
98%
2,693,539 Paris
98%
2,787,959 Paris
98%
2,134,544 Paris
98%
2,114,802 Paris
98%
194,764 Marseille
97%
101,000 Lyon
95%
258,271 Lyon
95%
462,454 Lyon
95%
469,740 Lyon
95%
449,221 Lyon
95%
527,673 Lyon
95%
50,200 Toulouse
91%
96,468 Toulouse
91%
149,855 Toulouse
91%
266,543 Toulouse
91%
397,085 Toulouse
91%
509,912 Toulouse
91%
93,600 Bordeaux
88%
135,059 Bordeaux
88%
268,091 Bordeaux
88%
281,819 Bordeaux
88%
217,707 Bordeaux
88%
263,446 Bordeaux
88%
227,810 Nice
86%
343,891 Nice
86%
344,544 Nice
86%
49,056 Strasbourg
86%
75,419 Strasbourg
86%
188,254 Strasbourg
86%
265,213 Strasbourg
86%
297,179 Strasbourg
86%
53,000 Lille
85%
103,816 Lille
85%
227,302 Lille
85%
228,903 Lille
85%
226,103 Lille
85%
237,471 Lille
85%
77,162 Nantes
78%
96,278 Nantes
78%
131,937 Nantes
78%
211,560 Nantes
78%
272,003 Nantes
78%
328,627 Nantes
78%
80,755 Rouen
66%
100,225 Rouen
66%
115,957 Rouen
66%
229,277 Montpellier
65%
308,127 Montpellier
65%
69,207 Toulon
48%
41,279 Amiens
45%
128,954 Le Havre
45%
145,339 Saint-Etienne
35%
179,853 Saint-Etienne
35%
96,400 Marseilles
26%
485,495 Marseilles
26%
648,871 Marseilles
26%
904,155 Marseilles
26%
873,599 Marseilles
26%
No matching quizzes found
Score Distribution
Percent of People with Each Score
Percentile by Number Answered
Your Score History
You have not taken this quiz